00330nam a2200133Ia 45000030006000000080041000060400015000471000042000622450021001042500010001252600032001355460012001670050017001790STCL150530s9999 xx 000 0 und d aSTCLcSTCL aDumas Alexandre; Anand Kumar Raju; Ed aThree musketeers aFirst bUniversity of Calicutc1998 aEnglish20220125171158.0